|
|
|
|
| LEADER |
01390nam a2200349 a 4500 |
| 001 |
36065 |
| 003 |
BD-DhAAL |
| 005 |
20211206131659.0 |
| 008 |
200309t1993 enka b 001 0 eng d |
| 999 |
|
|
|c 42307
|d 42307
|
| 010 |
|
|
|a 93024324
|
| 020 |
|
|
|a 1850007713
|
| 020 |
|
|
|a 1850007721 (pbk.)
|
| 020 |
|
|
|a 9781850007715
|
| 040 |
|
|
|a DLC
|c DLC
|d DLC
|d BD-DhAAL
|
| 043 |
|
|
|a e-uk---
|
| 050 |
0 |
0 |
|a LB1591.5.G7
|b T39 1993
|
| 082 |
0 |
0 |
|a 372.5
|2 20
|
| 100 |
1 |
|
|a Taylor, Rod.
|9 39833
|
| 245 |
1 |
4 |
|a The arts in the primary school /
|c Rod Taylor and Glennis Andrews.
|
| 260 |
|
|
|a London ;
|a Washington, DC :
|b Falmer Press,
|c c1993.
|
| 300 |
|
|
|a xvi, 199 pages :
|b illustrations (some colors) ;
|c 25 cm.
|
| 440 |
|
4 |
|a The Falmer Press library on aesthetic education
|9 39834
|
| 504 |
|
|
|a Includes bibliographical references and index.
|
| 526 |
|
|
|a BIED
|
| 541 |
|
|
|a Complimentary copy from BIED
|e 36065
|
| 650 |
|
0 |
|a Arts
|x Study and teaching (Elementary)
|z Great Britain.
|9 39835
|
| 650 |
|
0 |
|a Aesthetics
|x Study and teaching (Elementary)
|z Great Britain.
|9 39836
|
| 700 |
1 |
|
|a Andrews, Glennis.
|9 39837
|
| 852 |
|
|
|a Ayesha Abed Library
|c BIED Collection
|
| 942 |
|
|
|2 ddc
|c BK
|
| 952 |
|
|
|0 0
|1 0
|2 ddc
|4 0
|6 372_500000000000000_TAY
|7 0
|9 68113
|a BRACUL
|b BRACUL
|c GEN
|d 2020-03-09
|e Complimentary copy from BIED
|l 0
|o 372.5 TAY
|p 3010036065
|r 2020-03-09
|t 1
|w 2020-03-09
|y BK
|x Transferred from BIED to General Stacks
|